Регионална библиотека "Любен Каравелов" - Русе

Сърдечен компас (Запис номер 81630)

MARC детайли
000 -Лидер
Контролно поле с фиксирана дължина 01347nam a2200337 c 4500
003 - Код на организацията, давaща контролен номер
Контролно поле BLK
005 - Дата и час на последна редакция
Контролно поле 20220217160550.0
008 - Елементи от данни с фиксирана дължина
fixed length control field 180408b bul|||||r ||||||| ||bul||
010 ## - Наследен системен номер
LC control number KNG00086134000
020 ## - Международен стандартен номер на книга ISBN
Международен стандартен номер на книга ISBN 978-954-91216-5-5
040 ## - Източник на каталожния запис
Идентификатор на билиотеката - собственик на записа BLK
041 ## - Код за език
Код за езика на текст/звукозапис или на отделно заглавие Български
Код за езика КДБФ Български
Други езици Руски
080 ## - УДК
Текстов определител УДК Руска литература
УДК код - определител по УДК 821.161.1
УДК определител -1
УДК - код + определител 821.161.1-1
100 1# - Редна дума - Автор
Автор Бойчук, Александър Григориевич
Авторска отговорност първи автор
R(LIN) 41023
139 ## - Редно поле
Редна дума Бойчук, Александър Григориевич
Авторски знак Боич - Б 60
245 10 - Сведения за заглавието
Заглавие Сърдечен компас
Редно поле (дума) Александър Григориевич Бойчук; прев. от рус. Мила Лазарова.
246 11 - Различни форми на заглавието
Паралелно заглавие Сердечный компас
257 ## - Страна на издаване
Страна на създаване/издаване България
260 ## - Област на издателските данни
Име на издателя, разпространителя и проч. Gaiana Book Art Studio
Година на издаване 2008
Печатница Русе : Русе прес
300 ## - Физическа характеристика
Страници 144 с.
Размери/Мащаб 21 см
380 ## - Жанр
Жанр Худож. лит.
500 ## - Общи забележки
Забележка Парал. текст на рус. ез. - Съдържа и за авт.
590 ## - Забележки на библиотеката, притежаваща документа (RLIN)
Служебно ф
659 ## - Тематичен бюлетин
Тематичен бюлетин К
700 1# - Други автори (авторска отговорност)
Лично име Лазарова, Мила
Автороска отговорност (Описва отношението между автора и произведението) прев. от рус.
Друга информация Лазарова, Милка Кирилова
9 (RLIN) 364479
852 ## - Местоположение
Форматна сигнатура Цб 241681
852 ## - Местоположение
Форматна сигнатура К 821/Б 60
856 4# - Електронен адрес и достъп
Електронен формат pdf - файл
856 4# - Електронен адрес и достъп
Електронен формат pdf - файл
999 ## - СИСТЕМНИ КОНТРОЛНИ НОМЕРА
Koha biblionumber 81630
Koha biblioitemnumber 81630
942 ## - АРТИКУЛИ
Вид на библиотечния материал Книги
Скрит в OPAC Не
Периодичен библиозапис Да
944 ## - СЪЗДАВАНЕ И РЕДАКЦИЯ на ЗАПИСА
Създаване/Редакция Създаване
Дата на регистрацията/редакция 31.10.2008
Служител, извършил регистрацията/редакцията Геновева_Генчева
944 ## - СЪЗДАВАНЕ И РЕДАКЦИЯ на ЗАПИСА
Създаване/Редакция Редакция
Дата на регистрацията/редакция 28.11.2008
999 ## - СИСТЕМНИ КОНТРОЛНИ НОМЕРА
Koha biblioitemnumber 81630
Наличности
Код за отписване Код за изгубен артикул Източник на класификационната схема Код за повреда Коз за рестрикции Код за отдаване Артикулен № Име на библиотеката - собственик Име на библиотеката, в която се намира в момента Статус (Текущо местоположение) Дата на вписване в системата Местоположение - отдел Цена в лева Инвентарен номер Систематично азбучна сигнатура Баркод Номер на екземпляра Цена в евро Служебна бележка Служебен тип на артикула
Изтеглен Не е изгубен Universal Decimal Classification Не е повреден без рестрикции заемане за дома 132592 Регионална библиотека "Любен Каравелов" Русе Регионална библиотека "Любен Каравелов" Русе Заемна - подръчен фонд 2008-10-31 Заемна - подръчен фонд 7.00 120000731017 П 882-1/Б 60 120000731017 1 3.58 Дост: DA Вид: А N: 13 Дата: 31.10.2008 Книги
  Не е изгубен Universal Decimal Classification Не е повреден без рестрикции ползва се в читалня 132593 Регионална библиотека "Любен Каравелов" Русе Регионална библиотека "Любен Каравелов" Русе Краезнание 2008-10-31 Краезнание 7.00 120000731018 К 821/Б 60 120000731018 2 3.58 Дост: DA Вид: А N: 13 Дата: 31.10.2008 Дата инв: 08.11.2017 Бележки инв: К2017 Книги
Vip Innovations Ltd, Rousse, Bulgaria 2025